000 00428nab a2200145Ia 4500
003 ES-SlBCS
005 20210601125307.0
008 140529s2001 xxu||||| |||| 00| 0 eng d
041 _aeng
100 1 _aGibbons, John H.
_9156408
245 0 0 _aKnowledge in Action
_c John H. Gibbons
650 0 4 _aConocimiento
_9113574
773 0 _tPhilosophy and Phenomenological Research
_gvol. 62, 2001, págs. 579-600
_wRev1411
942 _cAR
999 _c527967
_d527967